Water resource systems planning and analysis : Capita selecta
This book provided information about water resource systems analysts use mathematical models and methods to aid engineers, planners, economists and the public to sort through the myriad of schemes which are and could be proposed,...
Đã lưu trong:
| Hovedforfatter: | |
|---|---|
| Format: | Bog |
| Sprog: | Undetermined |
| Udgivet: |
New Jersey
Prentice-Hall, Inc
1981
|
| Fag: | |
| Tags: |
Tilføj Tag
Ingen Tags, Vær først til at tagge denne postø!
|
| Thư viện lưu trữ: | Trung tâm Học liệu Trường Đại học Cần Thơ |
|---|
| LEADER | 00984nam a2200229Ia 4500 | ||
|---|---|---|---|
| 001 | CTU_146892 | ||
| 008 | 210402s9999 xx 000 0 und d | ||
| 020 | |c 550000 | ||
| 082 | |a 333.9115 | ||
| 082 | |b L886 | ||
| 100 | |a Loucks, Daniel P. | ||
| 245 | 0 | |a Water resource systems planning and analysis : | |
| 245 | 0 | |b Capita selecta | |
| 245 | 0 | |c Daniel P. Loucks, Jery R. Stedinger, Douglas A. Haith | |
| 260 | |a New Jersey | ||
| 260 | |b Prentice-Hall, Inc | ||
| 260 | |c 1981 | ||
| 520 | |a This book provided information about water resource systems analysts use mathematical models and methods to aid engineers, planners, economists and the public to sort through the myriad of schemes which are and could be proposed,... | ||
| 650 | |a Water resources development,Phát triển nguồn tài nguyên nước,Water resources development | ||
| 650 | |x Mathematical,Kế hoạch,Planning | ||
| 904 | |i Năm | ||
| 980 | |a Trung tâm Học liệu Trường Đại học Cần Thơ | ||